000 00832nam a2200229Ii 4500
003 JO-AjNU
008 230605s9999||||xx |||||||||||||| ||und||
017 _a2021/8/4329
020 _a978-9957-91-874-3
040 _aJO-AjNU
_bara
_erda
_cJO-AjNU
041 _aara
050 1 4 _aJC599.2022
100 3 _aالبطوش، ايمن محمد,
_eauthor
_962937
245 0 0 _aالضمانات الدستورية والقانونية لحماية حقوق الإنسان في الأردن
250 _aط1
264 3 1 _aعمان: دار وائل للنشر والتوزيع، 2022
300 _a175ص
336 _atext
_btxt
_2rdacontent
337 _aunmediated
_bn
_2rdamedia
338 _avolume
_bnc
_2rdacarrier
650 4 _aحقوق الافراد-الضمانات الدستورية-القانون الدستوري
_962938
999 _aA28523
_c32091
_d32091